000 00274nam a2200121 i 4500
001 bgj
245 0 0 _aChristmas Songs.
650 9 _aEnglish language
_xchristmas carols
_xwords
040 _cBPK
041 0 _aeng
942 _cKS
008 s uk f |000 0 eng
999 _c48401
_d48401
856 _uhttp://koha.tu.koszalin.pl/cgi-bin/koha/opac-detail.pl?biblionumber=48401
_yKatalog online BPK